000 00651nam a2200277Ia 4500
005 20260324135257.0
008 008 260324s9999 xx 000 0 eng d
020 _a9781315236650
037 _aEBOOK
040 _aCRL
040 _beng
040 _cCRL
041 _2eng
041 _aeng
084 _qCRL
100 _aRobert B. Potter
_91199999
245 4 _aThe Urban Caribbean in an Era of Global Change
260 _bTaylor and Francis
260 _c2000
365 _a
365 _b230
856 _uhttp://www.taylorfrancis.com/books/9781315236650
942 _cEBOOK
999 _c1800893
_d1800893